00862cam a22002653a 45000010005000000030006000050050017000110080041000280400015000690420007000840500007000910500007000981000033001052450084001382600029002225060030002515160020002816530045003016530047003466530031003936530068004246530035004928300028005278560041005556418PGUSA20140828083132.0040901s2004||||xxu|||||s|||||000 1 eng d aPGUSAbeng adc 4aPZ 4aPS1 aSidney, Margaret,d1844-192410aFive Little Peppers and their Friendsh[electronic resource] /cMargaret Sidney bProject Gutenberg,c2004 aPublic domain in the USA. aElectronic text aBrothers and sisters -- Juvenile fiction aSingle-parent families -- Juvenile fiction aFamily -- Juvenile fiction aFive Little Peppers (Fictitious characters) -- Juvenile fiction aFriendship -- Juvenile fiction 0aProject Gutenbergv641840uhttp://www.gutenberg.org/ebooks/6418